Správa o stave podnikateľského prostredia v SR s návrhmi na jeho zlepšenie

Charakteristika podnikateľského prostredia a jeho základných parametrov. Súhrnné hodnotenie východiskového stavu slovenskej ekonomiky. Reformy Európskej únie a ich vplyv na kľúčové reformy uplatňované v SR. Zmeny vecného, právneho a regulačného rámca podnikateľského prostredia uskutočnené v SR. Návr...

Descripción completa

Guardado en:
Detalles Bibliográficos
Formato: Capítulo de libro
Lenguaje:eslovaco
Materias:
Etiquetas: Agregar Etiqueta
Sin Etiquetas, Sea el primero en etiquetar este registro!

MARC

LEADER 00000naa$a2200000$$$4500
001 0006953
005 20231106065729.2
041 0 |a slo 
044 |a SK 
245 1 0 |a Správa o stave podnikateľského prostredia v SR s návrhmi na jeho zlepšenie 
520 |a Charakteristika podnikateľského prostredia a jeho základných parametrov. Súhrnné hodnotenie východiskového stavu slovenskej ekonomiky. Reformy Európskej únie a ich vplyv na kľúčové reformy uplatňované v SR. Zmeny vecného, právneho a regulačného rámca podnikateľského prostredia uskutočnené v SR. Návrhy na zlepšenie podnikateľského prostredia. 
610 2 0 |a prostredie podnikateľské 
610 2 0 |a Slovensko 
610 2 0 |a Európska únia 
610 2 0 |a reformy